00854nam a22002057a 4500003000900000008004100009040007100050082001500121100002400136245005200160260003500212300004000247440002300287440003900310505020300349650002400552650001700576650002000593700003500613AR-CdUCM190322b ||||| |||| 00| 0 spa d aMUNICIPALIDAD PROVINCIAL DEL CUSCOcBIBLIOTECA MUNICIPAL DEL CUSCO a330 /bM12 aMcGaughy, Howard E. aPunto de equilibrio :bpérdidas y ganancias / aMéxico, D.F :bUTEHA,c1960. a76 páginas ;bgráficos,c17 cm. aManuales Utehan11 aSelección Ciencias sociales.n15 aContenido: Descriptores de factores presentes que afectan al ingreso neto -- Descripción de los cambios propuestos por la administración -- Sumario de los datos pertinentes -- Costo diferencial. aEstados financieros aContabilidad aIngreso egresos aVelez, Jesus A. (traducción)